000 00757nam a22001817a 4500
008 160928b xxu||||| |||| 00| 0 eng d
020 _a9715422845
082 _22000
_aDFil 899.211
_bP11
100 _915387
_aLumbera, Bienvenido
_eEditor
245 _aPaano magbasa ng pantikang Filipino:
_bmga babasahing pangkolehiyo/
_cBienvenido Lumbera, Editor; pangalawang editor, Joi Barrios, Rolando B. Tolentino, at Rene O. Villanueva.
260 _aQuezon City:
_bUP Press,
_cc2000.
300 _avi, 470 pages;
_c23 cm.
650 0 _915388
_aPhilippine literature.
700 _915389
_aBarrios, Joi
_ePangalawang editor
700 _915390
_aTolentino, Rolando B.
_ePangalawang editor
700 _915391
_aVillanueva, Rene O.
_ePangalawang editor
942 _2ddc
_cDFIL
999 _c4880
_d4880